zpět

Detail výsledku týmu

Pizzerie Maštal, Sobotka

Datum a čas kvízu

30 Celkem bodů Celkový počet nahraných bodů na tomto kvízu bez doplňovacích otázek.
5. Pořadí na kvízu Konečné umístění týmu na tomto kvízu.

Zaznamenané odpovědi

# Otázka Odpověď Body Výsledky
1. Prezident Petr Pavel stanovil... 3. a 4. října (2025) 0
2. Minulý týden jsme byli informo... Magna Charta (Libertatum) 0
3. V sobotu se konalo finále 69.... Švýcarsko, Adam Pavlovčin (Adonxs) 0.5
4. Netradiční způsob přivítání zv... Albánie 0
5. Který dopravní prostředek využ... traktor 1
6. Podíváme se na pět reklam, z n... sázení (sázková kancelář, hazard) 0
7. Pro který produkt byla vytvoře... kondomy 0
8. Doplňte 4 slova, která pokraču... vy už tady nebudete 1
9. Tato televizní reklama na Fido... Karel Zich 1
10. Spot režiséra Jakuba Koháka se... ÚAMK 0